Luz-Ardiden au Tour de France - Statistiques

Statistiques générales
  • Ce quiz a été pris 8 fois
  • Le résultat moyen est 5 sur 8
Statistiques - réponses
Hint Réponse % Correct
Banesto Flag_of_Spain.svg Miguel Induráin
100%
Euskaltel - Euskadi Flag_of_Spain.svg Samuel Sánchez
100%
UAE Team Emirates Flag_of_Slovenia.svg Tadej Pogačar
100%
Festina - Lotus Flag_of_France.svg Richard Virenque
88%
Seat - Orbea Flag_of_Spain.svg Pedro Delgado
50%
7 Eleven Flag_of_Norway.svg Dag-Otto Lauritzen
13%
Euskaltel - Euskadi Flag_of_Spain.svg Roberto Laiseka
13%
BH Flag_of_Spain.svg Laudelino Cubino
0%
Aucun quiz correspondant
Distribution des résultats
% des personnes avec chaque résultat
Percentile par nombre de réponses
Votre historique - résultats
Vous n’avez pas pris ce quiz